Normal view
MARC view
- SUPERVISOR DR JAVAID IQBAL,NASIR RASHID
Entry Personal Name
001 - CONTROL NUMBER
- control field: 71966
003 - CONTROL NUMBER IDENTIFIER
- control field: NUST
005 - DATE AND TIME OF LATEST TRANSACTION
- control field: 20210628204723.0
008 - FIXED-LENGTH DATA ELEMENTS
- fixed length control field: 210628|| aca||aabn | a|a d
040 ## - CATALOGING SOURCE
- Original cataloging agency: NUST
- Transcribing agency: NUST
100 ## - HEADING--PERSONAL NAME
- Personal name: SUPERVISOR DR JAVAID IQBAL,NASIR RASHID
670 ## - SOURCE DATA FOUND
- Source citation: Work cat.: (NUST): SHERJEEL,TALAL,USAMA, 71965, PR-SOF-1248-t-Unmanned Ground Vehicle - V.T.A.M.P, 2013
